<?xml version="1.0" encoding="UTF-8"?>
<record
    xmlns:xsi="http://www.w3.org/2001/XMLSchema-instance"
    xsi:schemaLocation="http://www.loc.gov/MARC21/slim http://www.loc.gov/standards/marcxml/schema/MARC21slim.xsd"
    xmlns="http://www.loc.gov/MARC21/slim">

  <leader>01644nam a2200349 c 4500</leader>
  <datafield tag="999" ind1=" " ind2=" ">
    <subfield code="c">5621</subfield>
    <subfield code="d">5621</subfield>
  </datafield>
  <controlfield tag="001">a6332512</controlfield>
  <controlfield tag="003">SpMaBN</controlfield>
  <controlfield tag="005">20200428145244.0</controlfield>
  <controlfield tag="008">181011s2018    sp a   | ||||o100 0 spa  </controlfield>
  <datafield tag="015" ind1=" " ind2=" ">
    <subfield code="a">MON1907</subfield>
  </datafield>
  <datafield tag="017" ind1=" " ind2=" ">
    <subfield code="a">M 13312-2018</subfield>
    <subfield code="b">Oficina Dep&#xF3;sito Legal Madrid</subfield>
  </datafield>
  <datafield tag="020" ind1=" " ind2=" ">
    <subfield code="a">9788490913659</subfield>
    <subfield code="q">edici&#xF3;n papel</subfield>
  </datafield>
  <datafield tag="024" ind1="7" ind2=" ">
    <subfield code="a">NIPO 083-18-119-8</subfield>
    <subfield code="q">edici&#xF3;n papel</subfield>
    <subfield code="2">nipo</subfield>
  </datafield>
  <datafield tag="024" ind1="7" ind2=" ">
    <subfield code="z">NIPO 083-18-120-0</subfield>
    <subfield code="q">edici&#xF3;n libro-e</subfield>
    <subfield code="2">nipo</subfield>
  </datafield>
  <datafield tag="040" ind1=" " ind2=" ">
    <subfield code="a">SpMaBN</subfield>
    <subfield code="b">spa</subfield>
    <subfield code="c">SpMaBN</subfield>
    <subfield code="e">rda</subfield>
  </datafield>
  <datafield tag="041" ind1="0" ind2=" ">
    <subfield code="a">spa</subfield>
    <subfield code="a">por</subfield>
  </datafield>
  <datafield tag="082" ind1=" " ind2=" ">
    <subfield code="a">355 	C748e 2018</subfield>
  </datafield>
  <datafield tag="111" ind1="2" ind2=" ">
    <subfield code="a">Conferencia de Directores de Colegios de Defensa Iberoamericanos</subfield>
    <subfield code="c">19&#xAA;</subfield>
    <subfield code="d">2018</subfield>
    <subfield code="c">Madrid</subfield>
  </datafield>
  <datafield tag="245" ind1="1" ind2="0">
    <subfield code="a">Educaci&#xF3;n en seguridad y defensa desde el punto de vista de los colegios de defensa iberoamericanos / </subfield>
    <subfield code="c">XIX Conferencia de Directores de Colegios de Defensa Iberoamericanos, 2018, CESEDEN</subfield>
  </datafield>
  <datafield tag="264" ind1=" " ind2=" ">
    <subfield code="a">Madrid</subfield>
    <subfield code="b">Ministerio de Defensa, Secretar&#xED;a General T&#xE9;cnica,</subfield>
    <subfield code="c">2018</subfield>
  </datafield>
  <datafield tag="300" ind1=" " ind2=" ">
    <subfield code="a">370 p&#xE1;ginas</subfield>
    <subfield code="b">Ilustraciones (blanco y negro y color)</subfield>
  </datafield>
  <datafield tag="504" ind1=" " ind2=" ">
    <subfield code="a">Incluye referencias bibliogr&#xE1;ficas</subfield>
  </datafield>
  <datafield tag="546" ind1=" " ind2=" ">
    <subfield code="a">Textos en espa&#xF1;ol y portugu&#xE9;s</subfield>
  </datafield>
  <datafield tag="650" ind1=" " ind2="7">
    <subfield code="a">Seguridad nacional</subfield>
    <subfield code="x">Ense&#xF1;anza</subfield>
    <subfield code="z">Espa&#xF1;a</subfield>
    <subfield code="v">Congresos y asambleas</subfield>
    <subfield code="2">Sears</subfield>
  </datafield>
  <datafield tag="650" ind1=" " ind2="7">
    <subfield code="a">Defensa nacional</subfield>
    <subfield code="x">Ense&#xF1;anza</subfield>
    <subfield code="z">Portugal</subfield>
    <subfield code="v">Congresos y asambleas</subfield>
  </datafield>
  <datafield tag="650" ind1=" " ind2="7">
    <subfield code="a">Defensa nacional</subfield>
    <subfield code="x">Ense&#xF1;anza</subfield>
    <subfield code="z">Am&#xE9;rica Latina</subfield>
    <subfield code="v">Congresos y asambleas</subfield>
    <subfield code="2">embne</subfield>
  </datafield>
  <datafield tag="650" ind1=" " ind2="7">
    <subfield code="a">Academias militares</subfield>
    <subfield code="z">Espa&#xF1;a</subfield>
    <subfield code="v">Congresos y asambleas</subfield>
  </datafield>
  <datafield tag="650" ind1=" " ind2="7">
    <subfield code="a">Academias militares</subfield>
    <subfield code="z">Portugal</subfield>
    <subfield code="v">Congresos y asambleas</subfield>
  </datafield>
  <datafield tag="650" ind1=" " ind2="7">
    <subfield code="a">Academias militares</subfield>
    <subfield code="z">Am&#xE9;rica Latina</subfield>
    <subfield code="v">Congresos y asambleas</subfield>
  </datafield>
  <datafield tag="856" ind1=" " ind2=" ">
    <subfield code="y">https://dialnet.unirioja.es/servlet/libro?codigo=718587</subfield>
  </datafield>
  <datafield tag="942" ind1=" " ind2=" ">
    <subfield code="2">ddc</subfield>
    <subfield code="c">BK</subfield>
    <subfield code="z">3</subfield>
  </datafield>
  <datafield tag="952" ind1=" " ind2=" ">
    <subfield code="0">0</subfield>
    <subfield code="1">0</subfield>
    <subfield code="2">ddc</subfield>
    <subfield code="4">0</subfield>
    <subfield code="7">0</subfield>
    <subfield code="8">CG</subfield>
    <subfield code="a">BJHA</subfield>
    <subfield code="b">BJHA</subfield>
    <subfield code="c">GEN</subfield>
    <subfield code="d">2019-10-14</subfield>
    <subfield code="i">19-02405</subfield>
    <subfield code="l">0</subfield>
    <subfield code="o"> 355 C748e 2018</subfield>
    <subfield code="p">19-02405</subfield>
    <subfield code="r">2019-10-14 00:00:00</subfield>
    <subfield code="t">e.1</subfield>
    <subfield code="w">2019-10-14</subfield>
    <subfield code="y">BK</subfield>
  </datafield>
</record>
